000 00591nam a2200169Ia 4500
008 090711s9999 xx 000 0 und d
082 _b1572
100 _aपेंडसे श्री. ना.
245 _aगारंबीSाा बापू.
260 _bकॉन्टीनेन्टल प्रकाशन
_c1982
300 _a85
600 _aपेंडसे श्री. ना.
630 _aगारंबीSाा बापू.
700 _aपेंडसे श्री. ना.
730 _aगारंबीSाा बापू.
942 _cBOOK
999 _c338608
_d338605